000 00424nam a2200145 i 4500
001 74248
003 ES-MaACL
007 t|
008 040916s1948 sp ||||1| spa d
100 1 _aGonzález Palomino, José.
_958857
245 1 0 _aInstituciones de Derecho notarial /
_cpor José González Palomino.
260 _aMadrid :
_bInstituto Editorial Reus,
_c1948.
300 _a530 p. ;
_c23 cm.
852 _aES-MaACL
_jE-3354
999 _c74248
_d74248